Manual of recommended practice for railway engineering and maintenance of way : containing the definitions, specifications and principles of practice adopted and recommended by the American Railway Engineering and Maintenance of Way Association /

Bibliographic Details
Corporate Author: American Railway Engineering Association
Format: Book
Language:English
Published: Chicago, Ill. : Press of Blakely Printing Co., [1905?]
Edition:Ed. of 1905.
Subjects:

MARC

Tag First Indicator Second Indicator Subfields
LEADER 00000cam a2200000 4500
001 in00000414421
005 20151012063433.0
008 821026s1905 iluabk 00010 eng
010 |a  08025342  
035 |a (OCoLC)08892818 
035 |9 ABV9881AM 
040 |a DLC  |c SER  |d TXA  |d UtOrBLW 
049 |a TXAM  |c 1 [61191], 2 [61192], 3 [61193], 4 [372716] 
050 0 0 |a TF145  |b .A5 1905 
110 2 |a American Railway Engineering Association. 
245 1 0 |a Manual of recommended practice for railway engineering and maintenance of way :  |b containing the definitions, specifications and principles of practice adopted and recommended by the American Railway Engineering and Maintenance of Way Association /  |c publication approved by the Board of Direction. 
250 |a Ed. of 1905.  |b Pub. under direction of the Committee on Publications by the American Railway Engineering and Maintenance of Way Association ... 
264 1 |a Chicago, Ill. :  |b Press of Blakely Printing Co.,  |c [1905?] 
300 |a 175 pages :  |b illustrations, folded map, tables (part folded) diagrams (part folded) forms (part folded) ;  |c 24 cm. 
336 |a text  |b txt  |2 rdacontent 
337 |a unmediated  |b n  |2 rdamedia 
338 |a volume  |b nc  |2 rdacarrier 
650 0 |a Railroad engineering. 
650 0 |a Railroads  |x Maintenance and repair. 
999 |a MARS 
999 f f |s c6a1cf54-0bf4-304e-979b-e9cd8569776e  |i ff3de814-dc53-33eb-8d40-26a660025d40  |t 0 
952 f f |p ric  |a Texas A&M University  |b Rellis Campus  |c Joint Library Facility  |d Remote Storage  |t 0  |e TF145 .A5 1905  |h Library of Congress classification  |i unmediated -- volume  |m A14809834429 
998 f f |a TF145 .A5 1905  |t 0  |l Remote Storage